| 000 | 01267nam a2200301 i 4500 | ||
|---|---|---|---|
| 001 | 000027464 | ||
| 003 | DO-SdBNP | ||
| 005 | 20240228184147.0 | ||
| 007 | ta | ||
| 008 | 110331s1995 dr a r 000 | spa d | ||
| 040 |
_aDO-SdBNP _bspa _cBNPHU _erda |
||
| 082 | 4 |
_a929.6097293 _bE93e _222 |
|
| 245 | 0 | 0 |
_aEvolución del escudo dominicano : _bhomenaje al 150 aniversario de la independencia nacional, 27 de febrero de 1995 / _cpresentación de, Héctor Valdez Albizu ; prólogo de, Celina Fondeur Cernuda ; introducción de, Octavio Amiama Castro. |
| 264 |
_aSanto Domingo : _bBanco Central de la República Dominicana, _c1995. |
||
| 300 |
_a127 páginas : _bilustraciones ; _c23 cm. |
||
| 336 |
_2rdacontent _atexto _btxt |
||
| 337 |
_2rdamedia _asin medición _bn |
||
| 338 |
_2rdacarrier _avolumen _bnc |
||
| 504 | _aBibliografía : p. 125-127 | ||
| 590 | _aInventariado, 2018/BT | ||
| 650 | 4 |
_aHeraldica _zRepública Dominicana _911720 |
|
| 650 | 4 |
_aDivisas (heraldica) _zRepública Dominicana _954536 |
|
| 700 | 1 |
_aFondeur Cernuda, Celina, _eprólogo _954537 |
|
| 700 | 1 |
_aValdez Albizu, Héctor, _d1947- _epresentación _912322 |
|
| 700 | 1 |
_aAmiama Castro, Octavio, _d1936- _eintroducción _954538 |
|
| 910 | _aValidado. Control de calidad. MFF | ||
| 942 |
_2ddc _cLBS1 |
||
| 999 |
_c26956 _d26956 |
||